Social, political & legal philosophy

Bibliographic Details
Format: Electronic Journal
Language:English
Published: Amsterdam, Netherlands : Editions Rodopi B. V.
Subjects:
Online Access:Full text available from Research Library: 01/01/2007 to 01/31/2007

MARC

LEADER 00000nas a2200000 i 4500
001 ssj0001077955
003 WaSeSS
005 20200512172242.0
006 m d
007 cr n
008 140106u20uuuuuune a| p|s|||||| |0eng d
035 |a (WaSeSS)ssj0001077955 
040 |a WaSeSS  |b eng  |c WaSeSS  |d WaSeSS 
050 1 4 |a HM1.A1 
245 0 0 |a Social, political & legal philosophy  |h [electronic resource]. 
246 1 |a Social, political and legal philosophy 
260 |a Amsterdam, Netherlands :  |b Editions Rodopi B. V. 
310 |a Annual 
506 |a License restrictions may limit access. 
588 |a Description based on: Volume 2 (2007); title from title screen (ProQuest, viewed Jan. 6, 2014). 
588 |a Latest issue consulted: Volume 2 (2007) (viewed Jan. 6, 2014). 
650 0 |a Sociology  |v Periodicals. 
650 0 |a Political science  |v Periodicals. 
650 0 |a Philosophy  |v Periodicals. 
655 0 |a Electronic journals. 
776 0 8 |i Print version:  |t Social, political & legal philosophy  |x 1571-4993 
856 4 0 |z Full text available from Research Library: 01/01/2007 to 01/31/2007  |u https://search.proquest.com/publication/76047